000
00298nam a22001337a 4500
008
180208b xxu||||| |||| 00| 0 eng d
020
_a
9780763705428
041
_a
eng
080
_a
616.073
100
_a
6
101
_a
GJEN
245
_a
Genetics clinical practice
_c
Lea,D.H
942
_2
udc
_c
BK
999
_c
42095
_d
42095